<?xml version="1.0" encoding="UTF-8"?>
<record
    xmlns:xsi="http://www.w3.org/2001/XMLSchema-instance"
    xsi:schemaLocation="http://www.loc.gov/MARC21/slim http://www.loc.gov/standards/marcxml/schema/MARC21slim.xsd"
    xmlns="http://www.loc.gov/MARC21/slim">

  <leader>00833nas a22001937a 4500</leader>
  <controlfield tag="003">NALT</controlfield>
  <controlfield tag="005">20210524114008.0</controlfield>
  <controlfield tag="008">181119b           ||||| |||| 00| 0 tha d</controlfield>
  <datafield tag="040" ind1=" " ind2=" ">
    <subfield code="a">NALT</subfield>
  </datafield>
  <datafield tag="041" ind1="0" ind2=" ">
    <subfield code="a">tha</subfield>
  </datafield>
  <datafield tag="245" ind1="1" ind2="0">
    <subfield code="a">BrandAge</subfield>
  </datafield>
  <datafield tag="260" ind1="3" ind2=" ">
    <subfield code="a">&#xE01;&#xE23;&#xE38;&#xE07;&#xE40;&#xE17;&#xE1E;&#xE2F; : </subfield>
    <subfield code="b">&#xE1A;&#xE23;&#xE34;&#xE29;&#xE31;&#xE17; &#xE44;&#xE17;&#xE22;&#xE04;&#xE39;&#xE19;-&#xE41;&#xE1A;&#xE23;&#xE19;&#xE14;&#xE4C;&#xE40;&#xE2D;&#xE08; &#xE42;&#xE2E;&#xE25;&#xE14;&#xE34;&#xE49;&#xE07; &#xE08;&#xE33;&#xE01;&#xE31;&#xE14;</subfield>
  </datafield>
  <datafield tag="310" ind1=" " ind2=" ">
    <subfield code="a">&#xE23;&#xE32;&#xE22;&#xE40;&#xE14;&#xE37;&#xE2D;&#xE19;</subfield>
  </datafield>
  <datafield tag="500" ind1=" " ind2=" ">
    <subfield code="a">&#xE07;&#xE14;&#xE1A;&#xE2D;&#xE01;&#xE23;&#xE31;&#xE1A;&#xE15;&#xE31;&#xE49;&#xE07;&#xE41;&#xE15;&#xE48;&#xE40;&#xE14;&#xE37;&#xE2D;&#xE19;&#xE1E;&#xE24;&#xE28;&#xE08;&#xE34;&#xE01;&#xE32;&#xE22;&#xE19; 2562 &#xE40;&#xE1B;&#xE47;&#xE19;&#xE15;&#xE49;&#xE19;&#xE44;&#xE1B;</subfield>
  </datafield>
  <datafield tag="850" ind1=" " ind2=" ">
    <subfield code="a">NALT</subfield>
  </datafield>
  <datafield tag="866" ind1="3" ind2="1">
    <subfield code="a">&#xE1B;&#xE35;&#xE17;&#xE35;&#xE48; 19 &#xE09;&#xE1A;&#xE31;&#xE1A;&#xE17;&#xE35;&#xE48; 213-219, 221-224 (&#xE21;.&#xE04;.-&#xE01;.&#xE04;., &#xE01;.&#xE22;.-&#xE18;.&#xE04;. 2561), &#xE1B;&#xE35;&#xE17;&#xE35;&#xE48; 20 &#xE09;&#xE1A;&#xE31;&#xE1A;&#xE17;&#xE35;&#xE48; 225-234 (&#xE21;.&#xE04;.-&#xE15;.&#xE04;. 2562)</subfield>
  </datafield>
  <datafield tag="942" ind1=" " ind2=" ">
    <subfield code="c">JNR</subfield>
    <subfield code="s">1</subfield>
    <subfield code="2">lcc</subfield>
  </datafield>
  <datafield tag="998" ind1=" " ind2=" ">
    <subfield code="b">34</subfield>
    <subfield code="d">2016-11-15 16:11:40.410</subfield>
    <subfield code="j">755</subfield>
    <subfield code="k"> &#xE08;&#xE34;&#xE19;&#xE15;&#xE19;&#xE32; &#xE40;&#xE2D;&#xE35;&#xE48;&#xE22;&#xE21;&#xE04;&#xE07;</subfield>
  </datafield>
  <datafield tag="999" ind1=" " ind2=" ">
    <subfield code="c">91953</subfield>
    <subfield code="d">91953</subfield>
  </datafield>
</record>
